00768nam a2200241 a 4500001001300000003000900013005001700022008004100039020002300080082001600103100002400119245007200143260002400215300000900239500003500248505005400283650001800337700002400355902000800379942000700387952011700394999001500511nice12345678IN_TiNIC20260116012836.0050524s1990 gena grp 000 0 eng  a2825490 c10000a270.82bLIM aLimouris, Gennadios aJustice Peace and the Integrity of Creation Insights from Orthodoxy aGeneva bWCC c1990 a126p aincludes index and biblioraphy2 aAnd Political Integration 1843-1986/ Index, Bibl. aEcumenicalism1 aLimouris, Gennadios bSRS cBK 001040708StackRoom-aHMIbHMId2007-07-18g100.00l0o270.82 LIMp014121r2007-07-18v100.00w2005-05-24yBK c8599d8599